Sampaguitas en la cordillera: Reencuentro con Filipinas en Chile

Salvato in:
Dettagli Bibliografici
Autore principale: Medina Seno, Elizabeth (autora)
Natura: Libro
Lingua:spagnolo
Pubblicazione: Santiago Ril 2006
Edizione:1a. ed
Soggetti:
Tags: Aggiungi Tag
Nessun Tag, puoi essere il primo ad aggiungerne!!

MARC

LEADER 00000nam a2200000 a 4500
001 UCH4909
003 CL-VaPUC
008 090910e20060200CL |||||||||||||||||spa|d
020 |a 956284479X 
082 0 4 |a 895  |b MED  |2 21 
100 |a Medina Seno, Elizabeth  |e autora  |9 540887 
245 1 0 |a Sampaguitas en la cordillera: Reencuentro con Filipinas en Chile 
250 |a 1a. ed 
300 |a 200 p 
942 |c BK 
945 |d 20090910 00:00:00  |a dcastane 
260 |a Santiago  |b Ril  |c 2006 
650 7 |a NOVELAS FILIPINAS  |2 CL-VaPUC  |9 540888 
650 7 |a LITERATURA FILIPINA  |2 CL-VaPUC  |9 540889 
583 |a last modification  |c 20090910 00:00:00  |k Rodrigo Vera 
999 |c 336140  |d 336138 
952 |0 0  |1 0  |4 0  |6 895_000000000000000_MED_2006  |7 0  |8 X  |9 427112  |a FDOBUD  |b FDOBUD  |d 2019-11-22  |i 4598504  |o 895 MED 2006  |p 4598504  |r 2019-11-22  |w 2019-11-22  |y BK_X  |k BUD